Govt. of
Madhya Pradesh

The princess of Wales Sarasrati Bhavana Sudies (Record no. 34413)

MARC details
000 -LEADER
fixed length control field 003270000a22001330004500
003 - CONTROL NUMBER IDENTIFIER
control field MACL
040 ## - CATALOGING SOURCE
Original cataloging agency MACL
090 ## - LOCALLY ASSIGNED LC-TYPE CALL NUMBER (OCLC); LOCAL CALL NUMBER (RLIN)
-- 34778
-- 34776
100 ## - MAIN ENTRY--PERSONAL NAME
Personal name Kaviraja, Gopi Natha
245 ## - TITLE STATEMENT
Title The princess of Wales Sarasrati Bhavana Sudies
260 ## - PUBLICATION, DISTRIBUTION, ETC. (IMPRINT)
Name of publisher, distributor, etc. Government Sanskrit Library
Date of publication, distribution, etc. 1926
650 ## - SUBJECT ADDED ENTRY--TOPICAL TERM
Topical term or geographic name as entry element History
942 ## - ADDED ENTRY ELEMENTS (KOHA)
Koha item type Library Membar
Call number prefix 954/kav
Holdings
Withdrawn status Lost status Damaged status Not for loan Home library Current library Date acquired Total Checkouts Full call number Barcode Date last seen Uniform Resource Identifier Price effective from Koha item type
        MACL MACL 15/04/2015   954/kav BOOK CLC6560 29/04/2015 34617 15/04/2015 Books